Discrete Mathematics (Record no. 1392)
[ view plain ]
| 000 -LEADER | |
|---|---|
| fixed length control field | 00360nam a2200145Ia 4500 |
| 008 - FIXED-LENGTH DATA ELEMENTS--GENERAL INFORMATION | |
| fixed length control field | 230711s9999||||xx |||||||||||||| ||und|| |
| 041 ## - LANGUAGE CODE | |
| Language code of text/sound track or separate title | ENG |
| 082 ## - DEWEY DECIMAL CLASSIFICATION NUMBER | |
| Classification number | 510 |
| Item number | NI-D |
| 100 ## - MAIN ENTRY--PERSONAL NAME | |
| Personal name | Nicodemi,Olympia |
| 245 #0 - TITLE STATEMENT | |
| Title | Discrete Mathematics |
| 250 ## - EDITION STATEMENT | |
| Edition statement | 3rd |
| 260 ## - PUBLICATION, DISTRIBUTION, ETC. | |
| Date of publication, distribution, etc. | 1989 |
| Place of publication, distribution, etc. | New Delhi |
| Name of publisher, distributor, etc. | CBS Publishers & Distributors Pvt.Ltd |
| 650 ## - SUBJECT ADDED ENTRY--TOPICAL TERM | |
| Topical term or geographic name entry element | Mathematics |
| 942 ## - ADDED ENTRY ELEMENTS (KOHA) | |
| Koha item type | Book |
| Withdrawn status | Lost status | Damaged status | Not for loan | Collection | Home library | Current library | Date acquired | Total checkouts | Full call number | Barcode | Date last seen | Price effective from | Koha item type | Date last checked out | Date due |
|---|---|---|---|---|---|---|---|---|---|---|---|---|---|---|---|
| MRSPTU Central Library | MRSPTU Central Library | 510 NI-D | 6802 | 08/17/2023 | 08/17/2023 | Book | |||||||||
| MRSPTU Central Library | MRSPTU Central Library | 510 NI-D | 6803 | 08/17/2023 | 08/17/2023 | Book | |||||||||
| MRSPTU Central Library | MRSPTU Central Library | 1 | 510 NI-D | 6804 | 02/05/2025 | 08/17/2023 | Book | 01/30/2025 | |||||||
| MRSPTU Central Library | MRSPTU Central Library | 510 NI-D | 15886 | 08/17/2023 | 08/17/2023 | Book | |||||||||
| MRSPTU Central Library | MRSPTU Central Library | 13 | 510 NI-D | 15887 | 04/15/2026 | 08/17/2023 | Book | 04/15/2026 | 05/06/2026 | ||||||
| MRSPTU Central Library | MRSPTU Central Library | 510 NI-D | 15888 | 08/17/2023 | 08/17/2023 | Book | |||||||||
| MRSPTU Central Library | MRSPTU Central Library | 12 | 510 NI-D | 15889 | 04/16/2026 | 08/17/2023 | Book | 01/29/2026 | |||||||
| MRSPTU Central Library | MRSPTU Central Library | 15 | 510 NI-D | 15890 | 04/21/2026 | 08/17/2023 | Book | 04/21/2026 | 05/12/2026 |
